000 00534nam a2200217Ia 4500
003 OSt
005 20220926045641.0
006 a|||||r|||| 00| 0
007 ta
008 220923b |||||||| |||| 00| 0 eng d
037 _cGeneral Book
040 _aRTL
_cRTL
_beng
041 _2eng
_aeng
082 _aYz7, K3;1/TD
100 _aMills C W
245 0 _aPower politics and people.
260 _c1963
300 _a657p.
_ccm.
942 _hYz7, K3;1/TD
_cGB
_2CC
999 _c678261
_d678261